[Event "Aeroflot Open 2015"]
[Site "Moscú RUS"]
[Date "2015.03.28"]
[Round "2.25"]
[White "Shimanov, Aleksandr"]
[Black "Vishnu Prasanna, V."]
[Result "1-0"]
[WhiteElo "2594"]
[BlackElo "2477"]
[PlyCount "51"]
[EventDate "2015.03.27"]
[EventType "swiss"]
[EventRounds "9"]
[EventCountry "RUS"]
[Source "lmi"]
[SourceDate "2015.03.27"]

1. Nf3 Nf6 2. g3 g6 3. Bg2 Bg7 4. d4 O-O 5. O-O c5 6. d5 d6 7. c4 e6 8. dxe6
Bxe6 9. Ng5 Bxc4 10. Bxb7 Nbd7 11. Na3 Rb8 12. Nxc4 Rxb7 13. Nxd6 Rb6 14. Nc4
Rb4 15. b3 Ng4 16. Rb1 Nb6 17. a3 Rb5 18. Nd6 Ra5 19. Nb7 Qxd1 20. Rxd1 Rb5 21.
Nd6 Ra5 22. Nb7 Rb5 23. Nd6 Ra5 24. Nge4 Rb8 25. a4 Nd7 26. Bf4 1-0

[Event "Aeroflot Open 2015"]
[Site "Moscú RUS"]
[Date "2015.03.28"]
[Round "2.27"]
[White "Svane, Rasmus"]
[Black "Sethuraman, S.P."]
[Result "0-1"]
[WhiteElo "2509"]
[BlackElo "2623"]
[PlyCount "58"]
[EventDate "2015.03.27"]
[EventType "swiss"]
[EventRounds "9"]
[EventCountry "RUS"]
[Source "lmi"]
[SourceDate "2015.03.27"]

1. Nf3 Nf6 2. c4 c5 3. Nc3 d5 4. cxd5 Nxd5 5. g3 Nc6 6. Bg2 Nc7 7. O-O e5 8. a3
Rb8 9. Rb1 Be7 10. d3 O-O 11. Nd2 Be6 12. Nc4 f6 13. Be3 Qd7 14. b4 cxb4 15.
axb4 b5 16. Bxc6 Qxc6 17. Na5 Qxc3 18. Rc1 Qxb4 19. Rxc7 Qd6 20. Rc6 Qd5 21.
Bxa7 Rbc8 22. e4 Qd7 23. Rxc8 Rxc8 24. Be3 Rc3 25. d4 Bg4 26. Qd2 Bf3 27. dxe5
Qh3 28. Qd5+ Kh8 29. Qa8+ Rc8 0-1

[Event "Aeroflot Open 2015"]
[Site "Moscú RUS"]
[Date "2015.03.28"]
[Round "2.28"]
[White "Savchenko, Boris"]
[Black "Predke, Alexandr"]
[Result "0-1"]
[WhiteElo "2581"]
[BlackElo "2530"]
[PlyCount "40"]
[EventDate "2015.03.27"]
[EventType "swiss"]
[EventRounds "9"]
[EventCountry "RUS"]
[Source "lmi"]
[SourceDate "2015.03.27"]

1. d4 Nf6 2. c4 e6 3. Nc3 Bb4 4. e3 O-O 5. Bd3 d5 6. Nf3 c5 7. a3 Bxc3+ 8. bxc3
dxc4 9. Bxc4 Qc7 10. Ba2 b5 11. O-O Bb7 12. Ng5 Nbd7 13. f3 h6 14. Nh3 Bd5 15.
Bb1 Bc4 16. Rf2 e5 17. e4 cxd4 18. cxd4 exd4 19. Qxd4 Rfd8 20. Bf4 Ne5 0-1

[Event "Aeroflot Open 2015"]
[Site "Moscú RUS"]
[Date "2015.03.28"]
[Round "2.29"]
[White "Bluebaum, Matthias"]
[Black "Gundavaa, Bayarsaikhan"]
[Result "1-0"]
[WhiteElo "2576"]
[BlackElo "2505"]
[PlyCount "97"]
[EventDate "2015.03.27"]
[EventType "swiss"]
[EventRounds "9"]
[EventCountry "RUS"]
[Source "lmi"]
[SourceDate "2015.03.27"]

1. d4 Nf6 2. c4 e6 3. Nf3 d5 4. Nc3 Bb4 5. Bg5 h6 6. Bxf6 Qxf6 7. Qa4+ Nc6 8.
e3 O-O 9. Be2 Bd7 10. Qb3 dxc4 11. Qxc4 Qg6 12. O-O Bd6 13. a3 a6 14. Nh4 Qg5
15. g3 Qd8 16. f4 Ne7 17. e4 b5 18. Qa2 b4 19. axb4 Nc6 20. Qc4 Nxb4 21. Rad1
Rb8 22. Ng2 Qc8 23. e5 Be7 24. Ne3 Bc6 25. Bf3 Bxf3 26. Rxf3 c6 27. f5 Nd5 28.
Nexd5 cxd5 29. Qe2 Bb4 30. f6 g6 31. Qd2 Kh7 32. g4 Rh8 33. Rh3 Bf8 34. Na4 Qb7
35. b3 Qb4 36. Qc1 Qb5 37. Rdd3 Kg8 38. Qc2 Qb4 39. Kg2 Qe1 40. Nc3 Qa1 41. Ne2
Qe1 42. Rd1 Qa5 43. Nf4 Kh7 44. Rc3 Rb7 45. h4 Bb4 46. Rc6 h5 47. gxh5 Rg8 48.
hxg6+ Kh6 49. g7 1-0

[Event "Aeroflot Open 2015"]
[Site "Moscú RUS"]
[Date "2015.03.28"]
[Round "2.30"]
[White "Jumabayev, Rinat"]
[Black "Batchuluun, Tsegmed"]
[Result "1/2-1/2"]
[WhiteElo "2572"]
[BlackElo "2499"]
[PlyCount "128"]
[EventDate "2015.03.27"]
[EventType "swiss"]
[EventRounds "9"]
[EventCountry "RUS"]
[Source "lmi"]
[SourceDate "2015.03.27"]

1. Nf3 Nf6 2. g3 d5 3. Bg2 c6 4. c4 Bg4 5. Qb3 Bxf3 6. Bxf3 Qb6 7. O-O e6 8.
Qc2 Nbd7 9. Bg2 Be7 10. d3 O-O 11. Nd2 a5 12. Nf3 Rfe8 13. Be3 c5 14. a3 a4 15.
Rab1 d4 16. Bd2 Qc7 17. e3 e5 18. Rfe1 Bd6 19. Re2 dxe3 20. Bxe3 Nb8 21. Nh4
Nc6 22. Nf5 Bf8 23. Bg5 Nd7 24. Qd1 Nd4 25. Nxd4 cxd4 26. Bd2 Nc5 27. Bb4 Nb3
28. Qe1 Bxb4 29. axb4 Kf8 30. c5 Rad8 31. Qd1 Re7 32. Qc2 b6 33. Qc4 bxc5 34.
b5 Qa5 35. Rbe1 Qb4 36. Qxb4 cxb4 37. Rc2 Rb8 38. Bd5 g6 39. Bxb3 axb3 40. Rc5
f6 41. Ra1 Reb7 42. Ra6 Rxb5 43. Rxf6+ Kg7 44. Rcc6 R8b7 45. Kg2 Ra5 46. Ra6
Ra2 47. Rab6 Rd7 48. Rfe6 Rxb2 49. Rxe5 Rf7 50. Kh3 Rfxf2 51. Re7+ Rf7 52. Re4
Rd2 53. Rxd4 b2 54. Rdxb4 Rff2 55. Rb7+ Kf6 56. R7b6+ Kg5 57. R6b5+ Kh6 58. Kg4
Rxh2 59. Rb7 Rhg2 60. Rd4 Rd1 61. Rdd7 Rxg3+ 62. Kxg3 b1=Q 63. Rxh7+ Kg5 64.
Rxb1 Rxb1 1/2-1/2

[Event "Aeroflot Open 2015"]
[Site "Moscú RUS"]
[Date "2015.03.28"]
[Round "2.31"]
[White "Kuderinov, Kirill"]
[Black "Esen, Baris"]
[Result "0-1"]
[WhiteElo "2465"]
[BlackElo "2571"]
[PlyCount "130"]
[EventDate "2015.03.27"]
[EventType "swiss"]
[EventRounds "9"]
[EventCountry "RUS"]
[Source "lmi"]
[SourceDate "2015.03.27"]

1. e4 c5 2. Nf3 d6 3. d4 cxd4 4. Nxd4 Nf6 5. Nc3 a6 6. Be3 e5 7. Nb3 Be6 8. f3
h5 9. Qd2 Nbd7 10. O-O-O Qc7 11. Kb1 b5 12. Nd5 Bxd5 13. exd5 Nb6 14. Bxb6 Qxb6
15. Qa5 Nd7 16. c4 bxc4 17. Bxc4 g6 18. Qa4 Bg7 19. h4 Ke7 20. Na5 e4 21. Nc6+
Kf8 22. Qa3 Nc5 23. fxe4 Nxe4 24. Rhf1 Kg8 25. Qb3 Qxb3 26. Bxb3 f5 27. Bc2 Kh7
28. Bxe4 fxe4 29. Kc2 Rhf8 30. b4 Rf5 31. Rxf5 gxf5 32. Rf1 Rf8 33. a4 Rf7 34.
b5 axb5 35. a5 Bh6 36. Re1 Rg7 37. Re2 f4 38. Rxe4 Rxg2+ 39. Kd3 f3 40. Re7+
Kg8 41. Re8+ Kf7 42. Re7+ Kf8 43. Re6 Rd2+ 44. Ke4 f2 45. Rf6+ Kg7 46. Rf5 Re2+
47. Kd3 Ra2 48. a6 Rxa6 49. Rxf2 Ra3+ 50. Ke4 Ra4+ 51. Nd4 Kh7 52. Kd3 Ra3+ 53.
Ke2 Ra2+ 54. Kf3 Rxf2+ 55. Kxf2 b4 56. Ke2 Bg7 57. Nf5 Be5 58. Kd3 Kg6 59. Ne7+
Kf6 60. Nc6 b3 61. Na5 b2 62. Kc2 Kf5 63. Nc4 Ke4 64. Nxd6+ Bxd6 65. Kxb2 Kf3
0-1

[Event "Aeroflot Open 2015"]
[Site "Moscú RUS"]
[Date "2015.03.28"]
[Round "2.32"]
[White "Tabatabaei, M.amin"]
[Black "Yilmaz, Mustafa"]
[Result "0-1"]
[WhiteElo "2448"]
[BlackElo "2570"]
[PlyCount "98"]
[EventDate "2015.03.27"]
[EventType "swiss"]
[EventRounds "9"]
[EventCountry "RUS"]
[Source "lmi"]
[SourceDate "2015.03.27"]

1. d4 Nf6 2. c4 c5 3. d5 e6 4. Nc3 exd5 5. cxd5 d6 6. Nf3 g6 7. Bf4 a6 8. a4
Bg7 9. h3 O-O 10. e3 Re8 11. Nd2 Nbd7 12. Be2 Ne5 13. Bh2 Qe7 14. O-O Nfd7 15.
Re1 f5 16. e4 Qf6 17. exf5 gxf5 18. Qc2 Nf8 19. Nc4 Nxc4 20. Bxc4 Bd7 21. Qb3
f4 22. Ne4 Qxb2 23. Qxb2 Bxb2 24. Rab1 Be5 25. Rxb7 Bxa4 26. Ng5 Rab8 27. Rxb8
Rxb8 28. Bxa6 Rb3 29. Bc4 Rb4 30. Bf1 c4 31. Re4 Rb1 32. Bxf4 Bc2 33. Rxc4
Rxf1+ 34. Kh2 Bd3 35. Rb4 Rb1 36. Ra4 Ra1 37. Rb4 Rb1 38. Ra4 Bc2 39. Rc4 Bb3
40. Rb4 Bxf4+ 41. Rxf4 Bxd5 42. Rf6 Rb6 43. Rf5 Bc4 44. h4 Ne6 45. Ne4 Bd3 46.
Nf6+ Kf7 47. Rf3 Be2 48. Nd7+ Bxf3 49. Nxb6 Be2 0-1

[Event "Aeroflot Open 2015"]
[Site "Moscú RUS"]
[Date "2015.03.28"]
[Round "2.33"]
[White "Sandipan, Chanda"]
[Black "Idani, Pouya"]
[Result "0-1"]
[WhiteElo "2569"]
[BlackElo "2496"]
[PlyCount "170"]
[EventDate "2015.03.27"]
[EventType "swiss"]
[EventRounds "9"]
[EventCountry "RUS"]
[Source "lmi"]
[SourceDate "2015.03.27"]

1. e4 c5 2. Nf3 d6 3. d4 cxd4 4. Nxd4 Nf6 5. Nc3 a6 6. Bg5 Nbd7 7. Qe2 Qa5 8.
Bd2 g6 9. g4 Qb6 10. Nb3 Ne5 11. h3 Be6 12. Be3 Qc7 13. f4 Nc6 14. Nd4 Bg7 15.
Nxe6 fxe6 16. f5 Nd7 17. Qc4 Qa5 18. Bg2 gxf5 19. gxf5 Bxc3+ 20. bxc3 Nce5 21.
Qd4 Rg8 22. O-O Rc8 23. Bd2 Rc4 24. Qf2 Nc5 25. f6 exf6 26. Qxf6 Qd8 27. Qh6
Qe7 28. Kh2 Nxe4 29. Bf4 Rg6 30. Qh5 Nf6 31. Qe2 Qc7 32. Rad1 Ke7 33. Rd2 Rxc3
34. Rfd1 b5 35. Kh1 Nd5 36. Bxe5 dxe5 37. Qh5 Nf6 38. Rd7+ Qxd7 39. Rxd7+ Kxd7
40. Qxe5 Rxc2 41. Bb7 Nd5 42. Bxd5 Rc1+ 43. Kh2 exd5 44. Qf5+ Ke8 45. Qe5+ Kd7
46. Qf5+ Re6 47. Qxd5+ Rd6 48. Qf5+ Kc7 49. Qxh7+ Kb6 50. Kg3 Rc3+ 51. Kf4 Rd2
52. Qg8 Ka5 53. Qe6 Rc4+ 54. Kg5 Rxa2 55. Qe1+ b4 56. Qe5+ Ka4 57. Qe6 Rg2+ 58.
Kf6 Rf2+ 59. Ke7 Rfc2 60. Qxa6+ Kb3 61. Qe6 Ka2 62. Qa6+ Kb1 63. Qb5 Kb2 64.
Qe5+ R2c3 65. Qf6 b3 66. h4 Ka3 67. Qa6+ Ra4 68. Qd6+ Ka2 69. Qe6 Rxh4 70. Qa6+
Kb2 71. Qe2+ Ka3 72. Qe1 Rhc4 73. Qa1+ Kb4 74. Kf6 Rc5 75. Qb1 Rf3+ 76. Ke7
Re3+ 77. Kd7 Rc2 78. Qf1 Rd2+ 79. Kc8 Rc3+ 80. Kb8 Rd8+ 81. Kb7 b2 82. Kb6 Rd6+
83. Kb7 Rb3 84. Qb1 Rd1 85. Qxd1 b1=Q 0-1

[Event "Aeroflot Open 2015"]
[Site "Moscú RUS"]
[Date "2015.03.28"]
[Round "2.34"]
[White "Kotronias, Vasilios"]
[Black "Tran, Tuan Minh"]
[Result "1/2-1/2"]
[WhiteElo "2565"]
[BlackElo "2455"]
[PlyCount "147"]
[EventDate "2015.03.27"]
[EventType "swiss"]
[EventRounds "9"]
[EventCountry "RUS"]
[Source "lmi"]
[SourceDate "2015.03.27"]

1. e4 c5 2. Nf3 d6 3. d4 cxd4 4. Nxd4 Nf6 5. Nc3 a6 6. Be3 e5 7. Nf3 Be7 8. Bc4
O-O 9. O-O Nc6 10. Qd3 Be6 11. Bb3 Rc8 12. Rfd1 Na5 13. Bg5 Nxb3 14. axb3 Rc6
15. Nd2 Nh5 16. Be3 f5 17. exf5 Bxf5 18. Nde4 Nf6 19. f3 Qe8 20. Nd5 Nxd5 21.
Qxd5+ Qf7 22. Qxf7+ Kxf7 23. c4 Ke6 24. Ra5 Rb8 25. Rda1 b5 26. c5 Bxe4 27.
fxe4 Ra8 28. Rxb5 axb5 29. Rxa8 dxc5 30. Ra5 b4 31. Ra1 c4 32. Rc1 c3 33. Kf2
Rc8 34. bxc3 bxc3 35. Ke2 Ba3 36. Rc2 Bb4 37. Bd2 Ba5 38. Be1 g6 39. Rc1 Kd6
40. Kd3 Rb8 41. Ra1 Bb4 42. Ra6+ Ke7 43. Kc2 Rf8 44. Ra4 Bc5 45. Bxc3 Rf2+ 46.
Kd3 Rxg2 47. Bxe5 Ke6 48. Bg3 Bg1 49. Ra6+ Kf7 50. Bd6 Bxh2 51. e5 Ke6 52. Bb8+
Ke7 53. b4 h5 54. b5 Bg1 55. Rf6 h4 56. b6 Rb2 57. Bd6+ Kd7 58. Rf7+ Kc6 59.
Rc7+ Kxb6 60. e6 Rb3+ 61. Kc2 Re3 62. e7 Re2+ 63. Kb3 h3 64. Rc8 h2 65. Bxh2
Bxh2 66. e8=Q Rxe8 67. Rxe8 g5 68. Kc4 Kc6 69. Re6+ Kd7 70. Kd5 Bf4 71. Rg6 Ke7
72. Re6+ Kf7 73. Ra6 Ke7 74. Ke4 1/2-1/2

[Event "Aeroflot Open 2015"]
[Site "Moscú RUS"]
[Date "2015.03.28"]
[Round "2.35"]
[White "Can, Emre"]
[Black "Asgarizadeh, Ahmad"]
[Result "1-0"]
[WhiteElo "2555"]
[BlackElo "2412"]
[PlyCount "47"]
[EventDate "2015.03.27"]
[EventType "swiss"]
[EventRounds "9"]
[EventCountry "RUS"]
[Source "lmi"]
[SourceDate "2015.03.27"]

1. e4 e5 2. Nf3 Nc6 3. Bc4 Bc5 4. c3 Nf6 5. d3 O-O 6. Nbd2 a6 7. Bb3 Ba7 8. h3
d6 9. Nf1 Be6 10. Bg5 h6 11. Bh4 Nb8 12. g4 Nbd7 13. g5 hxg5 14. Bxg5 Qe8 15.
Rg1 Bxb3 16. axb3 Qe6 17. Ng3 d5 18. Qd2 dxe4 19. dxe4 g6 20. b4 c5 21. Bh4
Rfc8 22. Qh6 Qe8 23. Nf5 Qf8 24. Rxg6+ 1-0

[Event "Aeroflot Open 2015"]
[Site "Moscú RUS"]
[Date "2015.03.28"]
[Round "2.36"]
[White "Gabuzyan, Hovhannes"]
[Black "Abdumalik, Zhansaya"]
[Result "1/2-1/2"]
[WhiteElo "2553"]
[BlackElo "2379"]
[PlyCount "70"]
[EventDate "2015.03.27"]
[EventType "swiss"]
[EventRounds "9"]
[EventCountry "RUS"]
[Source "lmi"]
[SourceDate "2015.03.27"]

1. c4 c5 2. Nc3 Nc6 3. g3 Nf6 4. Bg2 g6 5. e4 Bg7 6. Nge2 d6 7. d3 O-O 8. O-O
Rb8 9. h3 a6 10. a4 Ne8 11. Be3 Nc7 12. d4 cxd4 13. Nxd4 Ne6 14. Nde2 Nc5 15.
Rb1 Be6 16. b3 f5 17. f4 Nxe4 18. Nxe4 fxe4 19. g4 d5 20. cxd5 Qxd5 21. Qxd5
Bxd5 22. Ng3 Rbd8 23. Nxe4 Bd4 24. Bxd4 Nxd4 25. Ng3 Bxb3 26. Bxb7 Bxa4 27.
Bxa6 Bc6 28. Bb7 Bxb7 29. Rxb7 e5 30. f5 gxf5 31. gxf5 Rf7 32. Rb2 e4 33. Nxe4
Rxf5 34. Rxf5 Nxf5 35. Rb7 Rf8 1/2-1/2

[Event "Aeroflot Open 2015"]
[Site "Moscú RUS"]
[Date "2015.03.29"]
[Round "3.1"]
[White "Ponkratov, Pavel"]
[Black "Sasikiran, Krishnan"]
[Result "0-1"]
[WhiteElo "2613"]
[BlackElo "2682"]
[PlyCount "98"]
[EventDate "2015.03.27"]
[EventType "swiss"]
[EventRounds "9"]
[EventCountry "RUS"]
[Source "lmi"]
[SourceDate "2015.03.27"]

1. e4 e5 2. Nf3 Nc6 3. d4 exd4 4. Nxd4 Nf6 5. Nxc6 bxc6 6. e5 Qe7 7. Qe2 Nd5 8.
c4 Ba6 9. Nd2 g6 10. Nf3 Bg7 11. Bg5 f6 12. exf6 Qxe2+ 13. Bxe2 Nxf6 14. O-O-O
O-O-O 15. Rhe1 Rde8 16. Nd2 c5 17. Nb3 Bb7 18. g3 d6 19. Na5 Ba8 20. Bf1 Ng4
21. Bh3 h5 22. Be3 Rhf8 23. f4 Kd8 24. Rd3 Bd4 25. Bxg4 hxg4 26. Nb3 Bxe3+ 27.
Rdxe3 Rxe3 28. Rxe3 Rh8 29. Re2 Bf3 30. Rf2 Re8 31. Kd2 Kd7 32. Na1 Re4 33. b3
Rd4+ 34. Ke3 Re4+ 35. Kd2 Rd4+ 36. Ke3 Rd1 37. Nc2 Rh1 38. Kd2 Rd1+ 39. Kc3 c6
40. Ne3 Rh1 41. Nf1 d5 42. Nd2 d4+ 43. Kc2 Ke6 44. Kb2 Kf5 45. Kc2 Re1 46. Kb2
Be2 47. Kc2 d3+ 48. Kb2 Rd1 49. Nb1 Rxb1+ 0-1

[Event "Aeroflot Open 2015"]
[Site "Moscú RUS"]
[Date "2015.03.29"]
[Round "3.2"]
[White "Van Foreest, Jorden"]
[Black "Khairullin, Ildar"]
[Result "1/2-1/2"]
[WhiteElo "2493"]
[BlackElo "2630"]
[PlyCount "32"]
[EventDate "2015.03.27"]
[EventType "swiss"]
[EventRounds "9"]
[EventCountry "RUS"]
[Source "lmi"]
[SourceDate "2015.03.27"]

1. e4 e5 2. Nf3 Nc6 3. Bb5 a6 4. Ba4 Nf6 5. O-O Be7 6. d3 d6 7. c3 O-O 8. Re1
Nd7 9. Nbd2 Nb6 10. Bb3 Kh8 11. Nf1 f5 12. Ne3 fxe4 13. dxe4 Qe8 14. Bc2 Nd8
15. b3 Ne6 16. Nf5 Bf6 1/2-1/2

[Event "Aeroflot Open 2015"]
[Site "Moscú RUS"]
[Date "2015.03.29"]
[Round "3.7"]
[White "Fedoseev, Vladimir"]
[Black "Bukavshin, Ivan"]
[Result "1/2-1/2"]
[WhiteElo "2674"]
[BlackElo "2618"]
[PlyCount "64"]
[EventDate "2015.03.27"]
[EventType "swiss"]
[EventRounds "9"]
[EventCountry "RUS"]
[Source "lmi"]
[SourceDate "2015.03.27"]

1. d4 d5 2. c4 e6 3. Nf3 Nf6 4. Nc3 c6 5. Bg5 h6 6. Bh4 dxc4 7. e4 g5 8. Bg3 b5
9. Be2 Bb7 10. O-O Nbd7 11. Ne5 Bg7 12. Nxd7 Nxd7 13. Bd6 a6 14. a4 b4 15. d5
exd5 16. exd5 bxc3 17. dxc6 Bxc6 18. bxc3 Ne5 19. Re1 Ra7 20. Bxe5 Bxe5 21. Bf3
Qf6 22. Bxc6+ Kf8 23. Rc1 Kg7 24. Qf3 Rd8 25. g3 Rc7 26. Be4 Qxf3 27. Bxf3 Bf6
28. Re4 Rd3 29. Be2 Rxc3 30. Rxc3 Bxc3 31. Rxc4 Rxc4 32. Bxc4 a5 1/2-1/2

[Event "Aeroflot Open 2015"]
[Site "Moscú RUS"]
[Date "2015.03.29"]
[Round "3.8"]
[White "Khalifman, Alexander"]
[Black "Grachev, Boris"]
[Result "1/2-1/2"]
[WhiteElo "2613"]
[BlackElo "2673"]
[PlyCount "35"]
[EventDate "2015.03.27"]
[EventType "swiss"]
[EventRounds "9"]
[EventCountry "RUS"]
[Source "lmi"]
[SourceDate "2015.03.27"]

1. d4 d5 2. c4 e6 3. Nf3 Nf6 4. Nc3 c5 5. cxd5 cxd4 6. Qxd4 exd5 7. e4 dxe4 8.
Qxd8+ Kxd8 9. Ng5 Be6 10. Nxe6+ fxe6 11. Bg5 Ke8 12. O-O-O Nc6 13. Kb1 Be7 14.
Bc4 Kf7 15. Rhe1 Rhd8 16. Bxf6 Rxd1+ 17. Nxd1 Bxf6 18. Rxe4 1/2-1/2

[Event "Aeroflot Open 2015"]
[Site "Moscú RUS"]
[Date "2015.03.29"]
[Round "3.9"]
[White "Kovalenko, Igor"]
[Black "Salem, A.R. Saleh"]
[Result "1-0"]
[WhiteElo "2661"]
[BlackElo "2603"]
[PlyCount "81"]
[EventDate "2015.03.27"]
[EventType "swiss"]
[EventRounds "9"]
[EventCountry "RUS"]
[Source "lmi"]
[SourceDate "2015.03.27"]

1. Nf3 Nf6 2. c4 g6 3. Nc3 Bg7 4. e4 d6 5. d4 O-O 6. Be2 e5 7. O-O Nc6 8. d5
Ne7 9. b4 a5 10. bxa5 Rxa5 11. a4 c5 12. Ra3 Ne8 13. Kh1 Ra6 14. Rg1 f5 15. Ng5
Nf6 16. Bf3 Rb6 17. Ne6 Bxe6 18. dxe6 Rb4 19. Qd3 Nc6 20. exf5 gxf5 21. Qxf5
Rxc4 22. Bg5 Ne7 23. Qh3 e4 24. Be2 Rb4 25. Bh5 Nxh5 26. Qxh5 Bxc3 27. Rxc3 Qe8
28. g4 e3 29. Qxe8 Rxe8 30. Rxe3 Nd5 31. Rd3 Nf4 32. Rxd6 Nh3 33. Bd2 Rxa4 34.
Rf1 Rxg4 35. f4 Ra8 36. Be3 Kf8 37. e7+ Kxe7 38. Rh6 Nxf4 39. Bxf4 Ra2 40. Bd6+
Kd7 41. Bxc5 1-0

[Event "Aeroflot Open 2015"]
[Site "Moscú RUS"]
[Date "2015.03.29"]
[Round "3.10"]
[White "Shimanov, Aleksandr"]
[Black "Mamedov, Rauf"]
[Result "1/2-1/2"]
[WhiteElo "2594"]
[BlackElo "2658"]
[PlyCount "144"]
[EventDate "2015.03.27"]
[EventType "swiss"]
[EventRounds "9"]
[EventCountry "RUS"]
[Source "lmi"]
[SourceDate "2015.03.27"]

1. c4 Nf6 2. Nc3 g6 3. e4 d6 4. d4 Bg7 5. Nf3 O-O 6. Be2 e5 7. O-O Nc6 8. d5
Ne7 9. b4 Nh5 10. g3 a5 11. b5 Nf6 12. b6 cxb6 13. Ba3 Bh6 14. Rb1 Bh3 15. Re1
Nc8 16. Bc1 Bxc1 17. Qxc1 Kg7 18. Rb2 h6 19. Qd2 Nd7 20. Na4 f5 21. exf5 Bxf5
22. Nh4 Bh3 23. Bd3 g5 24. Ng2 Qf6 25. Ne3 h5 26. Nc3 Nc5 27. Ne4 Nxe4 28. Bxe4
Bd7 29. Qe2 Kh6 30. Reb1 a4 31. Bc2 Qf3 32. Qd2 Bh3 33. c5 dxc5 34. Rxb6+ Nxb6
35. Rxb6+ Kg7 36. Rg6+ Kf7 37. Rxg5 Rg8 38. Bd1 Qf6 39. Bxh5+ Kf8 40. Rxg8+
Kxg8 41. Bg4 Bxg4 42. Nxg4 Qg6 43. Nxe5 Qb1+ 44. Kg2 Qe4+ 45. Nf3 Rf8 46. Qg5+
Kf7 47. Qh5+ Ke7 48. Qg5+ Rf6 49. Qg7+ Rf7 50. Qe5+ Qxe5 51. Nxe5 Rf5 52. f4 b5
53. g4 Rf6 54. g5 Rf5 55. Kf3 b4 56. g6 Kf6 57. d6 Kg7 58. Ke4 Rf8 59. Nd3 Kxg6
60. Nxc5 b3 61. Nxb3 axb3 62. axb3 Kf6 63. Kd5 Rb8 64. Kc6 Rxb3 65. f5 Rc3+ 66.
Kd7 Kxf5 67. Ke7 Re3+ 68. Kf7 Rh3 69. d7 Rh7+ 70. Ke8 Ke6 71. d8=N+ Kf6 72. h4
Rxh4 1/2-1/2

[Event "Aeroflot Open 2015"]
[Site "Moscú RUS"]
[Date "2015.03.29"]
[Round "3.12"]
[White "Svetushkin, Dmitry"]
[Black "Motylev, Alexander"]
[Result "1-0"]
[WhiteElo "2592"]
[BlackElo "2653"]
[PlyCount "67"]
[EventDate "2015.03.27"]
[EventType "swiss"]
[EventRounds "9"]
[EventCountry "RUS"]
[Source "lmi"]
[SourceDate "2015.03.27"]

1. d4 d5 2. c4 c6 3. Nf3 Nf6 4. Qc2 dxc4 5. Qxc4 Bf5 6. g3 e6 7. Bg2 Nbd7 8.
O-O Be7 9. e3 O-O 10. Qe2 Qc7 11. Nc3 e5 12. h3 Rfe8 13. e4 exd4 14. Nxd4 Bg6
15. Bf4 Qa5 16. a3 Bf8 17. Rfd1 Qd8 18. g4 Nd5 19. Nxd5 cxd5 20. Nf5 Nb6 21. a4
Bxf5 22. gxf5 Bd6 23. e5 Qc8 24. a5 Nd7 25. Rxd5 Bxe5 26. Bxe5 f6 27. Qd2 Nxe5
28. Rc1 Qb8 29. f4 Nf7 30. Rd7 Rd8 31. a6 bxa6 32. Bxa8 Qb6+ 33. Kh1 Rxa8 34.
Qd5 1-0

[Event "Aeroflot Open 2015"]
[Site "Moscú RUS"]
[Date "2015.03.29"]
[Round "3.13"]
[White "Khismatullin, Denis"]
[Black "Lu, Shanglei"]
[Result "0-1"]
[WhiteElo "2650"]
[BlackElo "2570"]
[PlyCount "88"]
[EventDate "2015.03.27"]
[EventType "swiss"]
[EventRounds "9"]
[EventCountry "RUS"]
[Source "lmi"]
[SourceDate "2015.03.27"]

1. d4 d5 2. c4 e6 3. Nf3 Nf6 4. Nc3 dxc4 5. e4 Bb4 6. Bxc4 Nxe4 7. O-O Nxc3 8.
bxc3 Be7 9. Re1 O-O 10. h4 c5 11. Ng5 cxd4 12. Bd3 f5 13. Rxe6 Bxg5 14. Bxg5
Qd5 15. Re1 Nc6 16. Qe2 Na5 17. c4 Qc6 18. Qe5 b6 19. Qxd4 Bb7 20. Bf1 h6 21.
Re7 Qg6 22. Bf4 Rad8 23. Qc3 Rf7 24. Rae1 Nc6 25. Rxf7 Qxf7 26. c5 Kh7 27. cxb6
axb6 28. Bc4 Qg6 29. f3 Nd4 30. Kf2 Qf6 31. Bd3 Qxh4+ 32. Bg3 Qg5 33. Be5 Qh4+
34. Bg3 Qg5 35. Be5 Ne6 36. Bg3 Nc5 37. Rd1 Ba6 38. Bxa6 Rxd1 39. Be2 Rd2 40.
Bc7 Nd3+ 41. Qxd3 Rxd3 42. Bxd3 Qd2+ 43. Be2 b5 44. a3 Qc3 0-1

[Event "Aeroflot Open 2015"]
[Site "Moscú RUS"]
[Date "2015.03.29"]
[Round "3.16"]
[White "Petrosian, Tigran L"]
[Black "Bluebaum, Matthias"]
[Result "1/2-1/2"]
[WhiteElo "2671"]
[BlackElo "2576"]
[PlyCount "114"]
[EventDate "2015.03.27"]
[EventType "swiss"]
[EventRounds "9"]
[EventCountry "RUS"]
[Source "lmi"]
[SourceDate "2015.03.27"]

1. Nf3 d5 2. g3 Bg4 3. Bg2 e6 4. O-O Nf6 5. h3 Bxf3 6. Bxf3 Bd6 7. d4 Nbd7 8.
c4 c6 9. Qb3 Rb8 10. Rd1 O-O 11. Nc3 b5 12. cxd5 cxd5 13. a4 Qa5 14. e4 b4 15.
Nxd5 exd5 16. e5 Nxe5 17. dxe5 Bxe5 18. Bxd5 Rbd8 19. Bf3 Rxd1+ 20. Qxd1 Qc7
21. Kg2 Rc8 22. a5 h5 23. a6 h4 24. g4 Rd8 25. Qb3 Bf4 26. Bxf4 Qxf4 27. Rd1
Rd4 28. Qc2 g6 29. Qc1 Qd6 30. b3 Kg7 31. Qa1 Rxd1 32. Bxd1 Kg8 33. Kg1 Ne4 34.
Bf3 Nc5 35. Bd1 Nxa6 36. Be2 Nc5 37. Qxa7 Ne6 38. Bc4 Ng5 39. Qa8+ Kg7 40. Kg2
Qf6 41. Qd5 Ne6 42. Qb7 Nf4+ 43. Kh2 g5 44. Qa7 Kh6 45. Qa8 Ng6 46. Kg1 Qc3 47.
Qc6 Kg7 48. Qd5 Ne5 49. Kg2 Qe1 50. Qd4 Kh7 51. Qd5 Qa1 52. Qd2 Qc3 53. Qxg5
Qf3+ 54. Kg1 Qd1+ 55. Kg2 Qf3+ 56. Kg1 Qd1+ 57. Kg2 Qf3+ 1/2-1/2

[Event "Aeroflot Open 2015"]
[Site "Moscú RUS"]
[Date "2015.03.29"]
[Round "3.17"]
[White "Yilmaz, Mustafa"]
[Black "Sjugirov, Sanan"]
[Result "1/2-1/2"]
[WhiteElo "2570"]
[BlackElo "2669"]
[PlyCount "94"]
[EventDate "2015.03.27"]
[EventType "swiss"]
[EventRounds "9"]
[EventCountry "RUS"]
[Source "lmi"]
[SourceDate "2015.03.27"]

1. d4 Nf6 2. Nf3 e6 3. c4 b6 4. g3 Bb4+ 5. Nbd2 Ba6 6. Qc2 Bb7 7. Bg2 Be4 8.
Qb3 Bxd2+ 9. Bxd2 O-O 10. O-O d6 11. Qe3 a5 12. b3 Nbd7 13. Bc3 Re8 14. Bh3 Bb7
15. Rfd1 Qe7 16. Bb2 h6 17. Rac1 Qf8 18. Ne1 Rac8 19. Qd3 Qe7 20. Nc2 Ra8 21.
Na3 Rec8 22. Nb5 a4 23. d5 axb3 24. axb3 e5 25. Ra1 Ba6 26. Nc3 Qd8 27. Ra2 Bb7
28. Rda1 Rxa2 29. Rxa2 Ra8 30. Qb1 c6 31. Bg2 cxd5 32. cxd5 b5 33. b4 Nb6 34.
Rxa8 Qxa8 35. e4 Nc4 36. Bc1 Ba6 37. Bf1 Qc8 38. Qa2 Kh7 39. Kg2 Nd7 40. Bxc4
bxc4 41. Qa3 Bb7 42. Qa7 f5 43. Nb5 fxe4 44. Nxd6 Qf8 45. Qxb7 Qf3+ 46. Kg1 Nf6
47. Be3 Qd1+ 1/2-1/2

[Event "Aeroflot Open 2015"]
[Site "Moscú RUS"]
[Date "2015.03.29"]
[Round "3.18"]
[White "Kobalia, Mikhail"]
[Black "Stupak, Kirill"]
[Result "1-0"]
[WhiteElo "2632"]
[BlackElo "2567"]
[PlyCount "53"]
[EventDate "2015.03.27"]
[EventType "swiss"]
[EventRounds "9"]
[EventCountry "RUS"]
[Source "lmi"]
[SourceDate "2015.03.27"]

1. e4 e6 2. d4 d5 3. Nd2 dxe4 4. Nxe4 Nd7 5. Nf3 Ngf6 6. Nxf6+ Nxf6 7. c3 Be7
8. Bd3 O-O 9. Qe2 b6 10. Bf4 Bb7 11. O-O-O Nh5 12. Be3 Nf6 13. h4 Qd5 14. Kb1
Qh5 15. Rh3 Be4 16. Bg5 Bxd3+ 17. Qxd3 h6 18. Ne5 hxg5 19. hxg5 Qxg5 20. g4 g6
21. Rdh1 Bd6 22. Qg3 Qd2 23. Qh4 Kg7 24. Rf3 Nh5 25. gxh5 g5 26. h6+ Kh8 27.
Qe4 1-0